Countries with the Most English People - Statistics

General Stats
  • This quiz has been taken 72 times
  • The average score is 8 of 10
Answer Stats
# of English Answer % Correct
46 550 968 United States
100%
6 263 880 Canada
99%
>38 000 000 United Kingdom
99%
8 385 928 Australia
93%
2 000 000 New Zealand
93%
177 200 Ireland
90%
1 500 000 South Africa
89%
150 000 India
80%
100 000 Argentina
56%
820 000 Chile
44%
No matching quizzes found
Score Distribution
Percent of People with Each Score
Percentile by Number Answered
Your Score History
You have not taken this quiz